000 01088nim a2200241 a 4500
005 20170215115212.0
008 140127b2005 ck ||d||q|||| 00| 0 spa d
020 _a9588151589
040 _aCO-BoIAVH
_cCO-BoIAVH
041 _aspa
090 _aS-
_b0002
100 1 _aStrewe, Ralf
_dautor
_979680
245 1 _aGuía sonora de las aves de vista de nieve y San Lorenzo, Sierra Nevada de Santa Marta - Colombia /
_cRalf Strewe, Mauricio Álvarez Rebolledo y David Felipe Mejía Giraldo
257 _aColombia
264 _aBogotá:
_bInstotuto de Investigación de Recursos Biológicos Alexander von Humboldt. Colección de Sonidos Ambientales,
_c[s.f.]
300 1 _a1 DVD
_b56 sonidos de aves
650 4 _aCantos de aves
_vSonidos
_zSierra Nevada de Santa Marta (Colombia, Magdalena)
_979681
650 4 _aAves
_vSonidos
_xCanto
_zSierra Nevada de Santa Marta (Colombia, Magdalena)
_979682
651 4 _aColombia
_ySanta Marta
_zSierra Nevada de Santa Marta
_979683
700 1 _aÁlvarez Rebolledo, Mauricio
_94821
700 1 _aMejía-Giraldo, David Felipe
_95323
942 _2z
_cDVD
_03
999 _c5651
_d5651